| 000 -CABECERA |
| Longitud fija campo de control |
01209cam a2200349 a 4500 |
| 001 - NÚMERO DE CONTROL |
| Número de control |
991031037679706706 |
| 003 - IDENTIFICADOR DEL NÚMERO DE CONTROL |
| Identificador del número de control |
OSt |
| 005 - FECHA Y HORA DE LA ÚLTIMA TRANSACCIÓN |
| Fecha y hora de la última transacción |
20211209131943.0 |
| 008 - CÓDIGOS DE INFORMACIÓN DE LONGITUD FIJA |
| Códigos de información de longitud fija |
110412s2011 spc 000 0dspa |
| 020 ## - NÚMERO INTERNACIONAL NORMALIZADO PARA LIBROS |
| Número Internacional Normalizado para Libros (ISBN) |
9788499182650 |
| 035 ## - NÚMERO DE CONTROL DEL SISTEMA |
| Número de control del sistema |
(ES-BaCBU)b48327086-34csuc_network |
| 035 ## - NÚMERO DE CONTROL DEL SISTEMA |
| Número de control del sistema |
(ES-BaCBU).b48327086 |
| 035 ## - NÚMERO DE CONTROL DEL SISTEMA |
| Número de control del sistema |
(ccuc001)b48327086 |
| 035 ## - NÚMERO DE CONTROL DEL SISTEMA |
| Número de control del sistema |
(OCoLC)805052007 |
| 040 ## - FUENTE DE LA CATALOGACIÓN |
| Centro catalogador de origen |
ES-BaCBU |
| Lengua de catalogación |
cat |
| Centro transcriptor |
CDMR |
| 090 ## - CAMPOS LOCALES |
| Número de clasificación (OCLC) ; Número de clasificación,LLAMADA (RLIN) |
JF1525.W45 |
| Signatura local (OCLC) ; Signatura sin dividir, número de libro, CALL (RLIN) |
D6618 2011 |
| 100 1# - PUNTO DE ACCESO PRINCIPAL-NOMBRE DE PERSONA |
| Nombre de persona |
Domscheit-Berg, Daniel. |
| 245 10 - MENCIÓN DE TÍTULO |
| Título |
Dentro de WikiLeaks : |
| Resto del título |
mi etapa en la web más peligrosa del mundo / |
| Mención de responsabilidad, etc. |
Daniel Domscheit-Berg ; redacción de Tina Klopp ; traducción de Ana Duque de Vega y Carles Andreu Saburit |
| 260 ## - PUBLICACIÓN, DISTRIBUCIÓN, ETC. (PIE DE IMPRENTA) |
| Lugar de publicación, distribución, etc. |
Barcelona : |
| Nombre del editor, distribuidor, etc. |
Roca Editorial, |
| Fecha de publicación, distribución, etc. |
2011 |
| 300 ## - DESCRIPCIÓN FÍSICA |
| Extensión |
253 p. ; |
| Dimensiones |
24 cm |
| 500 ## - NOTA GENERAL |
| Nota general |
Tít. orig.: Inside WikiLeaks |
| 600 17 - PUNTO DE ACCESO ADICIONAL DE MATERIA - NOMBRE DE PERSONA |
| Nombre de persona |
Assange, Julian. |
| Fuente de encabezamiento o te&ecute,rmino |
lemac |
| 600 17 - PUNTO DE ACCESO ADICIONAL DE MATERIA - NOMBRE DE PERSONA |
| Nombre de persona |
Domscheit-Berg, Daniel. |
| Fuente de encabezamiento o te&ecute,rmino |
lemac |
| 610 10 - PUNTO DE ACCESO ADICIONAL DE MATERIA - NOMBRE DE ENTIDAD CORPORATIVA |
| Nombre de entidad corporativa o nombre de jurisdicción como elemento inicial |
WikiLeaks (Organització) |
| Fuente de encabezamiento o término |
lemac |
| 9 (RLIN) |
4536 |
| 650 00 - PUNTO DE ACCESO ADICIONAL DE MATERIA - TÉRMINO DE MATERIA |
| Término de materia o nombre geográfico como elemento inicial |
Corrupció política |
| 9 (RLIN) |
3765 |
| 650 04 - PUNTO DE ACCESO ADICIONAL DE MATERIA - TÉRMINO DE MATERIA |
| Término de materia o nombre geográfico como elemento inicial |
Secrets d'Estat |
| 700 1# - PUNTO DE ACCESO ADICIONAL - NOMBRE DE PERSONA |
| Nombre de persona |
Klopp, Tina, |
| 907 ## - ELEMENTO G DATOS LOCALES, GDL (RLIN) |
| a |
.b48327086 |
| b |
25-06-21 |
| c |
12-04-11 |
| d |
12-04-11 |
| e |
m |
| f |
a |
| g |
- |
| h |
spa |
| i |
spc |
| j |
0 |
| k |
1 |
| 908 ## - CONTROL DE PARÁMETROS (RLIN) |
| Parametro de comando lanzado |
URL |
| -- |
UJI |
| -- |
UAB |
| 940 ## - |
| T&íacute;tulo uniforme |
<a href="UAB">UAB</a> |
| 942 ## - ENTRADA DE ELEMENTOS AGREGADOS (KOHA) |
| Fuente de clasificaión o esquema |
|
| Koha [por defecto] tipo de item |
Monografies |